|
|
|
|
| LEADER |
00000nam0a2200000 4500 |
| 001 |
280452 |
| 005 |
20231101235315.0 |
| 035 |
|
|
|a (RuTPU)RU\TPU\book\303761
|
| 090 |
|
|
|a 280452
|
| 100 |
|
|
|a 20141229d1984 k y0rusy5003 ca
|
| 101 |
0 |
|
|a rus
|
| 102 |
|
|
|a UZ
|
| 105 |
|
|
|a a z 000zy
|
| 200 |
1 |
|
|a Синтез и физико-химические свойства полимеров
|e сборник научных трудов
|f Ташкентский государственный университет
|
| 210 |
|
|
|a Ташкент
|c Изд-во ТашГУ
|d 1984
|
| 215 |
|
|
|a 96 с.
|c ил.
|d 22 см
|
| 606 |
1 |
|
|a Полимеры
|x Синтез
|2 stltpush
|3 (RuTPU)RU\TPU\subj\50297
|9 69005
|
| 610 |
1 |
|
|a сополимеры
|
| 610 |
1 |
|
|a физико-химические свойства
|
| 610 |
1 |
|
|a применение
|
| 610 |
1 |
|
|a медицина
|
| 610 |
1 |
|
|a биосовместимые материалы
|
| 610 |
1 |
|
|a полиэлектролиты
|
| 610 |
1 |
|
|a дисперсные системы
|
| 610 |
1 |
|
|a термостойкие полимеры
|
| 610 |
1 |
|
|a полимерные растворы
|
| 675 |
|
|
|a 678.02
|z rus
|v 3
|
| 712 |
0 |
2 |
|a Ташкентский государственный университет
|2 stltpush
|3 (RuTPU)RU\TPU\col\10690
|9 24904
|
| 801 |
|
0 |
|a RU
|b RuMRKP
|c 19950704
|g psbo
|
| 801 |
|
1 |
|a RU
|b 63413507
|c 20141229
|
| 801 |
|
2 |
|a RU
|b 63413507
|c 20170428
|g RCR
|
| 942 |
|
|
|c BK
|